A Budapesti Központi Szennyvíztisztító Telep biológiai szagtalanítás folyamatainak nyomon követése és optimalizálása

Elmentve itt :
Bibliográfiai részletek
Szerző: Czakó József
További közreműködők: Halász János (Témavezető)
Farkas Attila (Témavezető)
Dokumentumtípus: Szakdolgozat
Megjelent: 2013
Tárgyszavak:
Online Access:http://diploma.bibl.u-szeged.hu/53121
LEADER 00870nta a2200193 i 4500
001 dipl53121
005 20150925085433.0
008 150922s2013 hu om 0|| zxx d
040 |a SZTE Diploma Repozitórium  |b hun 
041 |a zxx 
100 1 |a Czakó József 
245 1 2 |a A Budapesti Központi Szennyvíztisztító Telep biológiai szagtalanítás folyamatainak nyomon követése és optimalizálása  |h [elektronikus dokumentum] /  |c József Czakó 
246 1 0 |a The Budapest Central Wastewater Treatment Plant Biological deodorization process monitoring and optimization  |h [elektronikus dokumentum] 
260 |c 2013 
650 4 |a Természettudományok 
650 4 |a Natural sciences 
700 0 1 |a Halász János  |e ths 
700 0 1 |a Farkas Attila  |e ths 
856 4 0 |u https://diploma.bibl.u-szeged.hu/id/eprint/53121/1/2014_Czak%C3%B3_J%C3%B3zsef_CZJSAAT_SZE_SZ.pdf  |z Dokumentum-elérés